000 00748nam a22002657a 4500
003 URS
005 20251022142536.0
008 251013b ||||| |||| 00| 0 eng d
020 _a9781462552375
040 _cURS
050 _aRJ506
_b.D4.K883 2023
100 _aKovacs, Maria
245 _aTreating Childhood Depression with Contextual Emotion Regulation Theraphy
264 _aNew York
_bThe Guilford Press
_c©2023
300 _a328 pages.,:
_c25 cm.
336 _2rdacontent
_atext
337 _2rdamedia
_aunmediated
338 _2rdacarrier
_avolume
650 0 _aDeppresive Disorder
_xTheory
650 0 _aChild
650 0 _aEmotional regulation
650 0 _aPsychotherapy
_xMethods
650 0 _aDepression
942 _2lcc
_cFR
999 _c87369
_d87366